| 000 | 00352nam a22001577a 4500 | ||
|---|---|---|---|
| 003 | OSt | ||
| 008 | 250411b |||||||| |||| 00| 0 eng d | ||
| 020 | _a9789325977884 | ||
| 082 | _a005.268 DIA | ||
| 100 | _aDIXIT,Prasanna Kumar | ||
| 245 | _aAndroid | ||
| 260 |
_aNew Delhi _bCengage _c2023 |
||
| 300 | _a283 | ||
| 650 | _aAndroid | ||
| 942 |
_2ddc _cBK |
||
| 999 |
_c13271 _d13271 |
||